Projects:P;anningAnalysisFinancing (Record no. 2275)
[ view plain ]
| 000 -LEADER | |
|---|---|
| fixed length control field | 00210nam a2200085Ia 4500 |
| 008 - FIXED-LENGTH DATA ELEMENTS--GENERAL INFORMATION | |
| fixed length control field | 170524s9999 xx 000 0 und d |
| 100 ## - MAIN ENTRY--PERSONAL NAME | |
| Personal name | Chandra-P |
| 100 ## - MAIN ENTRY--PERSONAL NAME | |
| Titles and words associated with a name | 2003 |
| 245 #0 - TITLE STATEMENT | |
| Title | Projects:P;anningAnalysisFinancing |
| 260 ## - PUBLICATION, DISTRIBUTION, ETC. | |
| Place of publication, distribution, etc. | Tata McGraw Hill |
No items available.

